| 000 | 004580000a22001690004500 | ||
|---|---|---|---|
| 003 | MACL | ||
| 005 | 20151220122001.0 | ||
| 008 | 151220b xxu||||| |||| 00| 0 eng d | ||
| 040 |
_aMACL _cMACL |
||
| 041 | _aEnglish | ||
| 082 | _a680/HAL | ||
| 100 |
_aHall, Dorothea _921549 |
||
| 245 | _aThe Quilting Patchwork & Applique Project Book | ||
| 260 |
_bJ G Press _c1996 _aSingapore |
||
| 650 |
_aManufacture for Specific use _921550 |
||
| 942 |
_cBK _k680/HAL _2ddc |
||
| 999 |
_c40144 _d40144 |
||